[Event "AUTO-INT-3967"]
[Site "http://www.queenalice.com/game.php?id=1872659"]
[Date "2026.4.29"]
[Round "1"]
[White "JoseMessias"]
[Black "jenyasm"]
[Result "1/2-1/2"]
[WhiteElo "1430"]
[BlackElo "1742"]

1. g3 d5 2. Bg2 e6 3. e4 dxe4 4. Bxe4 Nf6 5. d3 Nxe4 6. dxe4 Qxd1+ 7. Kxd1 b6 8.
f3 Bb7 9. Ne2 Nd7 10. Bf4 Bd6 11. Bxd6 cxd6 12. Nd4 a6 13. Nc3 O-O 14. Re1 b5
15. f4 Nf6 16. e5 dxe5 17. fxe5 Ng4 18. Re2 Rad8 19. h3 Nh6 20. Rd2 b4 21. Na4
Rd5 22. Nb6 Rdd8 23. a3 bxa3 24. Rxa3 Rfe8 25. Nb5 axb5 26. b4 Rxd2+ 27. Kxd2
Nf5 28. Ra7 Bg2 29. Ra5 Bf1 30. g4 Nd4 31. c3 Nf3+ 32. Ke3 Nxe5 33. Kf2 Bxh3 34.
Rxb5 Nd3+ 35. Kg3 Bf1 36. Ra5 f6 37. Kf3 Ne5+ 38. Kf4 Be2 39. g5 Nc6 40. Rc5 Nb8
41. Ke3 Ba6 42. gxf6 gxf6 43. b5 Bb7 44. Rc7 Bg2 45. Kf2 Bh3 46. Kg3 Bf1 47. c4
e5 48. Nd5 Rf8 49. b6 Rf7 50. Kf2 Bd3 51. Ke3 Bf5 52. c5 Rxc7 53. bxc7 Na6 54.
Ne7+ Kf7 55. Nxf5 Nxc7 56. Nd6+ Kg6 57. Ne4 h5 58. Nf2 Kg5 59. Ne4+ Kf5 60. Nd6+
Ke6 61. Kf3 f5 62. Kg3 e4 63. Kf4 Nd5+ 64. Kg5 e3 65. Nxf5 Ke5 66. Nxe3 Nxe3 67.
c6 Kd6 68. c7 Kxc7 69. Kxh5 1/2-1/2

[Event "AUTO-INT-3967"]
[Site "http://www.queenalice.com/game.php?id=1872660"]
[Date "2026.4.29"]
[Round "1"]
[White "jenyasm"]
[Black "JoseMessias"]
[Result "0-1"]
[WhiteElo "1666"]
[BlackElo "1506"]

1. e4 b6 2. d3 Bb7 3. Nc3 d5 4. exd5 Bxd5 5. Nf3 Bxf3 6. Qxf3 c6 7. Bf4 Qd4 8.
Bxb8 Rxb8 9. Qxc6+ Kd8 10. Be2 Rc8 11. Qb7 a5 12. Qf3 e6 13. Qxf7 Ne7 14. Qxe6
Rxc3 15. Qe3 Qxe3 16. fxe3 Rxc2 17. b3 Nd5 18. e4 Nf4 19. g3 Nxe2 0-1

[Event "Challenge"]
[Site "http://www.queenalice.com/game.php?id=1873250"]
[Date "2026.5.11"]
[Round "-"]
[White "jenyasm"]
[Black "jogo"]
[Result "1-0"]
[WhiteElo "1734"]
[BlackElo "1373"]

1. e4 c5 2. Nf3 d6 3. Nc3 Nf6 4. d3 h6 5. h3 a6 6. g3 b5 7. Bg2 b4 8. Ne2 Nc6 9.
O-O e5 10. a3 Be7 11. axb4 Nxb4 12. Bd2 Nc6 13. Qe1 1-0

[Event "AUTO-INT-3957"]
[Site "http://www.queenalice.com/game.php?id=1873762"]
[Date "2026.5.21"]
[Round "2"]
[White "EdsonEstevam"]
[Black "jenyasm"]
[Result "1-0"]
[WhiteElo "1733"]
[BlackElo "1736"]

1. e4 e5 2. Nf3 Nc6 3. Bb5 d6 4. Bxc6+ bxc6 5. Nc3 Ba6 6. d3 h6 7. O-O Ne7 8.
Re1 g6 9. h3 Bg7 10. b4 Rb8 11. a3 O-O 12. a4 Rxb4 13. Bd2 Rb8 14. a5 g5 15. Be3
Rb7 16. d4 exd4 17. Bxd4 Bxd4 18. Qxd4 Ng6 19. g4 Re8 20. Kg2 Ne5 21. h4 Nxf3
22. Kxf3 Re6 23. hxg5 hxg5 24. Rh1 Qf6+ 25. Qxf6 Rxf6+ 26. Kg3 Kg7 27. Rh5 Kg6
28. Rah1 Rb2 29. Rh7 1-0

[Event "AUTO-INT-3957"]
[Site "http://www.queenalice.com/game.php?id=1873763"]
[Date "2026.5.21"]
[Round "2"]
[White "jenyasm"]
[Black "EdsonEstevam"]
[Result "0-1"]
[WhiteElo "1736"]
[BlackElo "1768"]

1. e4 e5 2. Nf3 Nc6 3. Nc3 Bb4 4. Nd5 Nf6 5. Nxb4 Nxb4 6. d3 h6 7. a3 Nc6 8. Be2
O-O 9. b3 d6 10. Bb2 Re8 11. Qd2 Bg4 12. h3 Bxf3 13. Bxf3 Nd4 14. Bxd4 exd4 15.
Qb4 c5 16. Qxb7 Qa5+ 17. Ke2 Qb6 18. Qxb6 axb6 19. Bg4 d5 20. f3 h5 21. Bf5 c4
22. b4 dxe4 23. fxe4 g6 24. Rhf1 gxf5 25. Rxf5 cxd3+ 26. cxd3 Re6 27. Rb5 Rc8
28. Ra2 h4 29. a4 Nh7 30. a5 bxa5 31. bxa5 Ra8 32. Rd5 Rg6 33. Kf3 Rg3+ 34. Kf4
Rxd3 35. Kg4 Nf6+ 36. Kxh4 Nxd5 37. exd5 Rd8 38. a6 Kg7 39. a7 Ra8 40. d6 Kf8
41. d7 Ke7 42. Ra4 Kxd7 43. Kg5 Ke7 44. h4 Rg3+ 45. Kf4 Rxg2 46. Rxd4 Rxa7 47.
Ke5 Ra5+ 48. Ke4 Rg4+ 49. Ke3 Ra3+ 50. Rd3 Rxd3+ 51. Kxd3 Rxh4 0-1